Espoon kaupunginosat - Statistics

Yleistilastot
  • Tätä visaa on pelattu 550 kertaa
  • Keskiarvotulos 27 / 63
Vastaustilastot
Suuralue Suuralueen nimi Vastaus % Oikein
1 Suur-Tapiola Suur-{Tapiola}
90%
1 Suur-Tapiola Tapiola
90%
5 Suur-Leppävaara Leppävaara
89%
5 Suur-Leppävaara Suur-{Leppävaara}
89%
2 Suur-Matinkylä Matinkylä
85%
2 Suur-Matinkylä Suur-{Matinkylä}
85%
7 Vanha-Espoo Espoon keskus
77%
5 Suur-Leppävaara Kilo
77%
2 Suur-Matinkylä Olari
76%
1 Suur-Tapiola Westend
74%
3 Suur-Espoonlahti Espoonlahti
69%
1 Suur-Tapiola Otaniemi
69%
3 Suur-Espoonlahti Suur-{Espoonlahti}
69%
1 Suur-Tapiola Mankkaa
66%
7 Vanha-Espoo Nuuksio
66%
6 Pohjois-Espoo {Pohjois}-Espoo
66%
4 Suur-Kauklahti Kauklahti
65%
4 Suur-Kauklahti Suur-{Kauklahti}
65%
1 Suur-Tapiola Haukilahti
63%
1 Suur-Tapiola Niittykumpu
58%
3 Suur-Espoonlahti Saunalahti
57%
5 Suur-Leppävaara Viherlaakso
54%
1 Suur-Tapiola Laajalahti
51%
2 Suur-Matinkylä Henttaa
46%
5 Suur-Leppävaara Lintuvaara
46%
1 Suur-Tapiola Pohjois-Tapiola
46%
3 Suur-Espoonlahti Soukka
45%
7 Vanha-Espoo {Vanha}-Espoo
42%
3 Suur-Espoonlahti Suvisaaristo
41%
6 Pohjois-Espoo Niipperi
40%
5 Suur-Leppävaara Karakallio
39%
6 Pohjois-Espoo Kalajärvi
38%
5 Suur-Leppävaara Laaksolahti
37%
6 Pohjois-Espoo Bodom
36%
3 Suur-Espoonlahti Kaitaa
35%
3 Suur-Espoonlahti Nöykkiö
35%
7 Vanha-Espoo Gumböle
34%
7 Vanha-Espoo Ämmässuo
32%
7 Vanha-Espoo Järvenperä
31%
6 Pohjois-Espoo Lahnus
30%
6 Pohjois-Espoo Röylä
30%
6 Pohjois-Espoo Vanhakartano
29%
3 Suur-Espoonlahti Latokaski
27%
5 Suur-Leppävaara Lippajärvi
26%
4 Suur-Kauklahti Vanttila
24%
7 Vanha-Espoo Kaupunginkallio
23%
4 Suur-Kauklahti Kurttila
20%
7 Vanha-Espoo Nupuri
20%
6 Pohjois-Espoo Luukki
19%
4 Suur-Kauklahti Espoonkartano
18%
7 Vanha-Espoo Muurala
18%
7 Vanha-Espoo Karhusuo
15%
7 Vanha-Espoo Siikajärvi
15%
5 Suur-Leppävaara Sepänkylä
13%
6 Pohjois-Espoo Velskola
13%
7 Vanha-Espoo Högnäs
12%
7 Vanha-Espoo Vanha-Nuuksio
12%
6 Pohjois-Espoo Lakisto
11%
6 Pohjois-Espoo Perusmäki
11%
7 Vanha-Espoo Kunnarla
10%
7 Vanha-Espoo Kuurinniitty
10%
7 Vanha-Espoo Kolmperä
7%
7 Vanha-Espoo Karvasmäki
6%
Ehtoja vastaavia visoja ei löytynyt
Tulosjakauma
Jokaisen tuloksen saaneiden osuus
Persentiili vastausten määrän mukaan
Tuloshistoriasi
Et ole pelannut tätä visaa